000 00418nam a2200157Ia 4500
008 151213s9999 xx 000 0 und d
100 _aSyed Sajjad Husain
245 _aA. Young Muslims Guide to Religions In The World
_cSyed Sajjad Husain
250 _a1st
260 _aDhaka
_bB I Thought
_c1992
300 _a4348 p.
650 _aReference
650 _aReligion
700 _aSyed Sajjad Husain
999 _c2762
_d2762